| 000 | 00710naa a2200157 i 4500 | ||
|---|---|---|---|
| 001 | 10314 | ||
| 003 | KOSZ 005 | ||
| 005 | 20180419130130.0 | ||
| 008 | 180419s2003 pl |000 0 pol | ||
| 040 |
_aKOSZ 005/HR _cKOSZ 005/HR |
||
| 100 | 1 |
_aPARTACZ, Czesław. _d2007-2012. _bPolitechnika Koszalińska - Instytut Polityki Społecznej i Stosunków Międzynarodowych, _cZakład Europy Środkowej i Wschodniej. |
|
| 245 | 1 | 0 |
_aMelnyk Andrij / _cCzesław Partacz. |
| 655 | 0 | _aBiogram. | |
| 773 | 0 |
_iW : _tEncyklopedia "białych plam". T. 12, Masoneria w Polsce - naturalizm / red. Marek Robert Górniak et al. - _dRadom : Polskie Wydaw. Encyklopedyczne, 2003. - _gs. 49-53 _z8388822713 |
|
| 942 |
_2UKD _cART |
||
| 999 |
_c10314 _d10314 |
||